banner koha

Humoral response and neutralization capacity of sheep serum inoculated with natural and Cobalt 60-irradiated Crotalus durissus terrificus venom (Laurenti, 1768) (Registro n. 247541)

MARC details
000 -LÍDER
campo de controle de tamanho fixo 01076nas a2200337 4500
001 - NÚMERO DE CONTROLE
campo de controle BR2015007023
003 - IDENTIFICADOR DO NÚMERO DE CONTROLE
campo de controle BR-BrBNA
005 - DATA E HORÁRIO DA ÚLTIMA TRANSAÇÃO
campo de controle 20231205130031.0
007 - CAMPO FIXO DE DESCRIÇÃO FÍSICA--INFORMAÇÃO GERAL
campo de controle de tamanho fixo ta
008 - CAMPO DE DADOS FIXOS--INFORMAÇÃO GERAL
campo de controle de tamanho fixo 230509b bl.|||p| |||| 00| 00por d
040 ## - FONTE DA CATALOGAÇÃO
Instituição da catalogação original BR-BrBNA
Idioma da catalogação por
Instituição que transcreveu o registro Biblioteca Nacional de Agricultura
041 ## - CÓDIGO DE IDIOMA
Código do idioma do texto/trilha sonora ou título diferente (En)
072 ## - CÓDIGO DE CATEGORIA DE ASSUNTO
Código de Categoria de Assunto L74
100 1# - ENTRADA PRINCIPAL--NOME PESSOAL
Nome pessoal Netto, D.P.
100 1# - ENTRADA PRINCIPAL--NOME PESSOAL
Nome pessoal Chiacchio, S.B.
100 1# - ENTRADA PRINCIPAL--NOME PESSOAL
Nome pessoal Bicudo, P.L.
100 1# - ENTRADA PRINCIPAL--NOME PESSOAL
Nome pessoal Alfieri, A.A.
100 1# - ENTRADA PRINCIPAL--NOME PESSOAL
Nome pessoal Nascimento, N.
245 1# - TÍTULO
Título Humoral response and neutralization capacity of sheep serum inoculated with natural and Cobalt 60-irradiated Crotalus durissus terrificus venom (Laurenti, 1768)
650 ## - ASSUNTO--TERMO TÓPICO
Cabeçalho tópico ou nome geográfico COBRA PECONHENTA
650 ## - ASSUNTO--TERMO TÓPICO
Cabeçalho tópico ou nome geográfico VENENO
650 ## - ASSUNTO--TERMO TÓPICO
Cabeçalho tópico ou nome geográfico TOXINA
650 ## - ASSUNTO--TERMO TÓPICO
Cabeçalho tópico ou nome geográfico NEUTRALIZACAO
650 ## - ASSUNTO--TERMO TÓPICO
Cabeçalho tópico ou nome geográfico OVELHA
650 ## - ASSUNTO--TERMO TÓPICO
Cabeçalho tópico ou nome geográfico ANTIDOTO
650 ## - ASSUNTO--TERMO TÓPICO
Cabeçalho tópico ou nome geográfico ANALISE
773 0# - ENTRADA ANALÍTICA
Título Journal of Venomous Animals and Toxins (Brazil)
ISSN - International Standard Serial Number ISSN 1678-4936
Partes relacionadas (2002), v. 8(2) p. 297-314
Número de controle do registro BR2015007023
856 40 - LOCALIZAÇÃO ELETRÔNICA E ACESSO
Uniform Resource Identifier <a href="http://dx.doi.org/10.1590/S0104-79302002000200008">http://dx.doi.org/10.1590/S0104-79302002000200008</a>
909 ## -
-- 202311
-- Lúcia
-- 55
-- Lúcia Elande
942 ## - ELEMENTOS DE ENTRADA ADICIONADOS (KOHA)
Fonte da classificação ou esquema de arquivamento na estante Classificação AGRIS
Ocultar no OPAC Não
Tipo de material Koha Analítica
Exemplares
Situação do descarte Fonte da classificação ou esquema de arquivamento na estante Situação física Não pode ser emprestado Biblioteca de origem Biblioteca atual Localização na estante Enumeração do periódico / cronologia Total de empréstimos Data de último acesso Número do exemplar Tipo de material Koha Fonte de aquisição
  Classificação AGRIS   Consulta local Biblioteca Nacional de Agricultura - Binagri Biblioteca Nacional de Agricultura - Binagri   (2002), v. 8(2) p. 297-314   29/11/2023 01 Periódicos Portaria Interministerial nº 164/94

BINAGRI

Telefone: (61)3218-2567/2388/3357/2097 - binagri@agro.gov.br

Ministério da Agricultura e Pecuária , Esplanada dos Ministérios, Bloco D, Anexo B, Brasília/DF, CEP: 70.043-900